000 00999 a2200181 4500
003 Nust
005 20260102100033.0
020 _a9789698535148
040 _cNust
082 _a954.13,SAD
100 _aMuhammad Yousaf Sadique
_9131079
245 _aMashriq main islami tahzeeb k asaar Bangal main arbi farsi kitabbat /
_cMuhammad Yousaf Sadique
260 _aIslamabad
_bNUST
_c2013
300 _axxviii,651p
505 _aKatba Shanasi : Islami Tareekh wa Tahzeeb ka Aham Maakhaz , Bangal main Islam ka Faroogh or nay Nizam ki Tashkeel, Khosh Naweesi or Islami Saqafat : Muslim Bangal k Kitabat main Fan e Khatati ki Jamaliyati Seher Angazi , Bangal k Islami Kitbaat ki roohani Jehat , Dunyavi Jaah- wa- Hashmat : Bangal K Isami Kitabaat main Alqaab ka Tanoow, Ibtadai Islami Kitbaat, Ehad Saltanat K Kitbaat , Ehad Mitaakhar k Islami KItbaat, Ghair Morkha or Mutafariq Kitbaat , Inthaai Nigarish , Zamima Jaat.
600 _aBangal main arbi farsi kitabbat
_9131080
942 _cREF
_2ddc
999 _c211149
_d211149